| 000 | 00478nam a2200169 a 4500 | ||
|---|---|---|---|
| 001 | BRCA_2184 | ||
| 005 | 20190320203715.0 | ||
| 008 | 920108s1993 mx-#---##b---#000-0#spa-# | ||
| 020 | _a9686795030 | ||
| 050 | 4 |
_aQ127 _b.T73 1993 |
|
| 100 | 1 |
_aTrabulse, Elías _9546 |
|
| 245 | 1 | 0 |
_aCiencia mexicana _bestudios históricos _cElías Trabulse. |
| 260 |
_aMéxico _bTextos dispersos _c1993 |
||
| 300 |
_a157 p. _c21 cm. |
||
| 650 | 1 | 4 |
_aCiencia _xHistoria _zMéxico _96590 |
| 942 |
_2lcc _cB |
||
| 999 |
_c1940 _d1940 |
||